Stíhající závod začíná
Výsledky summitu predstaviteľov EÚ s účasťou zástupcov kandidátskych krajín v Barcelone. Priebeh a ciele summitu.
Gespeichert in:
| 1. Verfasser: | |
|---|---|
| Format: | Buchkapitel |
| Sprache: | Tschechisch |
| Schlagworte: | |
| Tags: |
Keine Tags, Fügen Sie das erste Tag hinzu!
|
MARC
| LEADER | 00000naa a2200000 4500 | ||
|---|---|---|---|
| 001 | r044721 | ||
| 005 | 20231004070252.3 | ||
| 041 | 0 | |a cze | |
| 044 | |a CZ | ||
| 245 | 1 | 0 | |a Stíhající závod začíná |c Květa Šubrtová |
| 520 | |a Výsledky summitu predstaviteľov EÚ s účasťou zástupcov kandidátskych krajín v Barcelone. Priebeh a ciele summitu. | ||
| 610 | 2 | 0 | |a spolupráca hospodárska medzinárodná |
| 610 | 2 | 0 | |a Európska únia |
| 610 | 2 | 0 | |a liberalizácia |
| 610 | 2 | 0 | |a bariéry rastu hospodárskeho |
| 610 | 2 | 0 | |a summity |
| 610 | 2 | 0 | |a Španielsko |
| 100 | 1 | |a Šubrtová, Květa | |